Eredivisie: 300+ Matches (2000-) - Statistics

General Stats
  • This quiz has been taken 3 times
  • The average score is 16 of 33
Answer Stats
Ranking Player Positions Nationality Matches Goals (assists) Periods Clubs % Correct
8 Bryan Linssen MF, FW 356 51 (17) 2010-2021, 2024-2025
100%
1 Jens Toornstra MF, FW 476 30 (28) 2009-2025
100%
17 Jordy Clasie MF 334 8 (11) 2010-2014, 2018-2025
100%
2 Lasse Schöne MF 459 10 (12) 2007-2018, 2020-2025
100%
14 Luuk de Jong FW 337 84 (33) 2008-2011, 2014-2018, 2022-2025
100%
13 Mark van der Maarel DF 338 3 (5) 2009-2024
100%
7 Nick Viergever DF 375 9 (2) 2009-2025
100%
29 Remko Pasveer GK 305 0 (3) 2003-2006, 2010-2014, 2016-2022, 2024-2025
100%
9 Anthony Lurling MF, FW 353 0 (0) 2000-2005, 2007-2014
67%
6 Gábor Babos GK 377 0 (0) 2000-2013
67%
12 Michel Breuer DF 343 0 (0) 2002-2003, 2004-2013, 2016-2018
67%
30 Sander Boschker GK 305 0 (0) 2000-2002, 2004-2013
67%
11 Steven Berghuis MF, FW 351 69 (64) 2010-2014, 2016-2025
67%
18 Theo Janssen MF 332 0 (0) 2000-2014
67%
3 Willem Janssen DF, MF 409 10 (0) 2007-2022
67%
10 Wout Brama MF 353 1 (1) 2005-2016, 2019-2023
67%
4 Aaron Meijers DF, MF 394 4 (16) 2008-2009, 2011-2025
33%
23 Arnold Kruiswijk DF 316 0 (0) 2002-2007, 2009-2018
33%
16 Christian Kum DF 334 0 (1) 2005-2006, 2008-2021
33%
28 Karim El Ahmadi MF 305 0 (0) 2003-2011, 2014-2018
33%
5 Peter Wisgerhof DF 390 0 (0) 2000-2014
33%
27 Purrel Fränkel DF 308 0 (0) 2000-2008, 2010-2012
33%
19 Rob Wielaert DF 327 0 (0) 2001-2013
33%
26 Thomas Bruns MF, FW 309 6 (7) 2010-2020, 2023-2025
33%
24 Adil Auassar DF, MF, FW 313 5 (2) 2007-2008, 2009-2011, 2014-2017, 2019-2023
0%
32 Anouar Hadouir MF, FW 303 0 (1) 2002-2010, 2012-2013, 2016-2019
0%
21 Ben Rienstra MF 317 9 (6) 2010-2023
0%
22 Joost Broerse DF, MF 317 0 (0) 2000-2007, 2011-2015
0%
31 Lex Immers MF, FW 304 9 (3) 2008-2015, 2017-2020
0%
25 Mark-Jan Fledderus DF, MF 311 0 (0) 2002-2017
0%
33 Mike te Wierik DF 303 1 (1) 2010-2023
0%
20 Ramon Zomer DF 325 0 (0) 2002-2016
0%
15 Tim Cornelisse DF 335 0 (0) 2000-2012, 2014-2015
0%
No matching quizzes found
Score Distribution
Percent of People with Each Score
Percentile by Number Answered
Your Score History
You have not taken this quiz